Dougherty + Dougherty Architects LLP: Intersections: Architecture and Social Responsibility (Record no. 14308)

000 -LEADER
fixed length control field 00524nam a2200157Ia 4500
003 - CONTROL NUMBER IDENTIFIER
control field OSt
005 - DATE AND TIME OF LATEST TRANSACTION
control field 20260304160927.0
008 - FIXED-LENGTH DATA ELEMENTS--GENERAL INFORMATION
fixed length control field 260210s9999 xx 000 0 und d
020 ## - INTERNATIONAL STANDARD BOOK NUMBER
International Standard Book Number 9781864703030
100 ## - MAIN ENTRY--PERSONAL NAME
Personal name Images
245 #0 - TITLE STATEMENT
Title Dougherty + Dougherty Architects LLP: Intersections: Architecture and Social Responsibility
250 ## - EDITION STATEMENT
Edition statement Editors at Images Publishing (Betsy Dougherty & Brian Dougherty featured)
260 ## - PUBLICATION, DISTRIBUTION, ETC. (IMPRINT)
Name of publisher, distributor, etc Images Publishing / ACC Group 124, illustrated.
Date of publication, distribution, etc 2008
300 ## - PHYSICAL DESCRIPTION
Extent 124pgs.;
942 ## - ADDED ENTRY ELEMENTS (KOHA)
Item type UG Books
Source of classification or shelving scheme
Holdings
Withdrawn status Lost status Source of classification or shelving scheme Damaged status Koha normalized classification for sorting Not for loan Permanent location Current location Shelving location Date acquired Full call number Barcode Date last seen Price effective from Koha item type
        720_973000000000000   BMS College of Architecture, Design and Planning BMS College of Architecture, Design and Planning General Stacks 2025-12-17 720.973 AR-UG5225 2026-02-10 2026-02-10 UG Books
Copyright © 2025, The Librarian, Library and Information Centre, BMSCA D&P, Bengaluru. All Rights Reserved
web counter

Powered by Koha